01498nam a2200337Ia 4500001001200000003000800012006001900020007001500039008004100054010001700095020003500112020003800147040002100185035002100206050002800227100002600255245017100281260004400452300002200496490004000518504005200558533015200610650006700762650006600829655002900895700002100924700003100945710001700976830004100993856012601034ebr10180728CaPaEBRm u cr cn|||||||||071018s2007 dcua sb 000 0 eng d z 2007280913 z0821371495 (pbk. : alk. paper) z9780821371497 (pbk. : alk. paper) aCaPaEBRcCaPaEBR a(OCoLC)24361659714aLC67.68.E85bC36 2007eb1 aCanning, Mary,d1944-10aHigher education financing in the new EU member statesh[electronic resource] :bleveling the playing field /cMary Canning, Martin Godfrey, Dorota Holzer-Zelazewska. aWashington, D.C. :bWorld Bank,cc2007. aix, 32 p. :bill.1 aWorld Bank working paper ;vno. 112 aIncludes bibliographical references (p. 31-32). aElectronic reproduction.bPalo Alto, Calif. :cebrary,d2009.nAvailable via World Wide Web.nAccess may be limited to ebrary affiliated libraries. 0aEducation, HigherxEconomic aspectszEuropean Union countries. 0aUniversities and collegeszEuropean Union countriesxFinance. 7aElectronic books.2local1 aGodfrey, Martin.1 aHolzer-Zelazewska, Dorota.2 aebrary, Inc. 0aWorld Bank working paper ;vno. 112.40uhttp://site.ebrary.com/lib/rucke/Doc?id=10180728zAn electronic book accessible through the World Wide Web; click to view